000 00625nam a22002417a 4500
999 _c323462
_d323462
001 37287
003 UA-OsUOA
005 20200322201507.0
007 ta
008 20060301b un ||||| |||| 00| 0 ukr d
020 _a966574626х
040 _aUA-OsUOA
_bukr
_cUA-OsUOA
_dUA-OsUOA
041 _aukr
080 _a336.71:658
090 _a336.71:658
_bП76
100 _aПримостка Л. О.
245 _aФінансовий менеджмент у банку
_bпідручник
260 _aК.
_bКНЕУ
_c2004
300 _a468 с.
650 7 _a336 Фінанси
_2UDC
942 _cBK
_2udc
955 _a2